[Event "Challenge"]
[Site "http://www.queenalice.com/game.php?id=1328961"]
[Date "2014.12.18"]
[Round "-"]
[White "aparicio"]
[Black "PioDeCuritiba"]
[Result "1-0"]
[WhiteElo "1329"]
[BlackElo "1384"]

1. e4 c5 2. Nc3 d6 3. d3 b5 4. Nxb5 g6 5. c3 Ba6 6. c4 Bxb5 7. cxb5 Qa5+ 8. Bd2
Qxb5 9. b3 Bg7 10. Qb1 Bxa1 11. a4 Qd7 12. Qxa1 e5 13. h3 f5 14. b4 cxb4 15. d4
Nc6 16. Qc1 Na5 17. Bb5 Nc6 18. d5 Nge7 19. dxc6 Qc7 20. Bxb4 a6 21. Bd3 O-O 22.
Qc4+ Kg7 23. Nf3 Nxc6 24. Nxe5 dxe5 25. Bxf8+ Kxf8 26. O-O Rc8 27. exf5 Qf7 28.
Qxa6 Ne7 29. f6 Nd5 30. Qxc8+ Qe8 31. Qc5+ 1-0

[Event "Challenge"]
[Site "http://www.queenalice.com/game.php?id=1352500"]
[Date "2015.4.8"]
[Round "-"]
[White "vangogh"]
[Black "aparicio"]
[Result "1-0"]
[WhiteElo "1539"]
[BlackElo "1443"]

1. e4 f5 2. exf5 Nf6 3. d4 d5 4. Bg5 Bxf5 5. Bxf6 exf6 6. Qe2+ Be7 7. Nc3 Nc6 8.
O-O-O Bd3 9. Qxd3 Bb4 10. Nb1 O-O 11. Qb5 1-0

[Event "MALTA"]
[Site "http://www.queenalice.com/game.php?id=1354810"]
[Date "2015.4.21"]
[Round "-"]
[White "perucona"]
[Black "aparicio"]
[Result "1-0"]
[WhiteElo "1495"]
[BlackElo "1468"]

1. e4 d5 2. exd5 Nf6 3. Nc3 Nxd5 4. Nxd5 Qxd5 5. d4 Nc6 6. c3 Qb3 7. axb3 e6 8.
Nf3 Bd6 9. Bb5 O-O 10. Bxc6 bxc6 11. O-O Bb7 12. Bg5 a5 13. Re1 c5 14. dxc5 Bxc5
15. Be3 Bd6 16. b4 axb4 17. cxb4 Bxb4 18. Bd2 Bxf3 19. Qxf3 Rxa1 20. Rxa1 1-0

[Event "Challenge"]
[Site "http://www.queenalice.com/game.php?id=1356545"]
[Date "2015.4.30"]
[Round "-"]
[White "aparicio"]
[Black "sophiedurga"]
[Result "1-0"]
[WhiteElo "1516"]
[BlackElo "1841"]

1. a3 e5 2. d4 exd4 3. Qxd4 Nc6 4. Qd3 Ne5 5. Qe3 Be7 6. Qxe5 Nf6 7. Bg5 d6 8.
Qf4 h6 9. Bxf6 Bxf6 10. c3 O-O 11. Nf3 a5 12. e3 Re8 13. Nbd2 a4 14. Bd3 g5 15.
Qg3 Be6 16. h4 g4 17. Nd4 h5 18. Qf4 Kf8 19. Qh6+ Ke7 20. Nxe6 fxe6 21. Qh7+ Kf8
22. Qxh5 Re7 23. Ne4 Rf7 24. Ng5 Bxg5 25. hxg5 Ke7 26. Qxg4 Ra5 27. Rh6 Re5 28.
f4 Ref5 29. e4 Kd7 30. exf5 exf5 31. Bxf5+ Kc6 32. Be4+ Kb6 33. Qd1 Qe8 34. Qd4+
Ka5 35. Qa7+ Kb5 36. Qxb7+ Ka5 37. b4+ axb3 38. Qa7+ Kb5 39. a4+ Kc4 40. Qd4#
1-0

[Event "Challenge"]
[Site "http://www.queenalice.com/game.php?id=1362010"]
[Date "2015.5.27"]
[Round "-"]
[White "aparicio"]
[Black "serard1"]
[Result "1-0"]
[WhiteElo "1581"]
[BlackElo "1492"]

1. e4 e5 2. Ne2 Nc6 3. Nbc3 Nd4 4. Nxd4 exd4 5. Nb5 a6 6. Nxd4 c5 7. Nf3 d6 8.
d4 Bg4 9. Bd3 Bxf3 10. Qxf3 Qc8 11. Bc4 Qc7 12. Bg5 f6 13. Qh5+ g6 14. Qg4 fxg5
15. Qe6+ Be7 16. Qf7+ Kd8 17. O-O-O b5 18. Be6 Nh6 19. Qg7 Rf8 20. Rhf1 Ng4 21.
Bxg4 Ke8 22. Qxh7 cxd4 23. Qxg6+ Kd8 24. Rxd4 Qc5 25. Qe6 Ra7 26. Rd5 Qc4 27.
Rfd1 Rc7 28. Rxd6+ Ke8 29. Rd8# 1-0

[Event "Challenge"]
[Site "http://www.queenalice.com/game.php?id=1362011"]
[Date "2015.5.27"]
[Round "-"]
[White "aparicio"]
[Black "vangogh"]
[Result "1-0"]
[WhiteElo "1468"]
[BlackElo "1542"]

1. e4 e5 2. Ne2 Nc6 3. d4 exd4 4. Nxd4 a6 5. Nc3 Bb4 6. Nxc6 bxc6 7. Qd4 Bxc3+
8. Qxc3 Qe7 9. Qxg7 Qf6 10. Bh6 Qxh6 11. Qxh8 Kf8 12. Be2 d5 13. Qe5 Qg6 14.
Qxc7 Qxg2 15. Qd8+ Kg7 16. O-O-O Qxf2 17. Rhg1+ Kh6 18. Qg5# 1-0

[Event "Challenge"]
[Site "http://www.queenalice.com/game.php?id=1362013"]
[Date "2015.5.27"]
[Round "-"]
[White "aparicio"]
[Black "Bennedyttas"]
[Result "1-0"]
[WhiteElo "1662"]
[BlackElo "1359"]

1. e4 c5 2. Nf3 Nf6 3. Nc3 Nc6 4. Bb5 Nb4 5. d4 cxd4 6. Nxd4 a6 7. Ba4 e6 8. e5
Nh5 9. Qxh5 g6 10. Qe2 b6 11. Qf3 b5 12. Qxa8 1-0

[Event "Challenge"]
[Site "http://www.queenalice.com/game.php?id=1363305"]
[Date "2015.6.3"]
[Round "-"]
[White "aparicio"]
[Black "perucona"]
[Result "1-0"]
[WhiteElo "1696"]
[BlackElo "1199"]

1. d4 d5 2. Nf3 Nf6 3. g3 Nc6 4. Bg2 Bg4 5. Ne5 Nxe5 6. dxe5 Nh5 7. h3 Bd7 8.
Qxd5 c6 9. Qd4 e6 10. g4 Nf6 11. exf6 gxf6 12. Be3 c5 13. Qc3 Qc7 14. Qxf6 Rg8
15. Nc3 Be7 16. Qh6 Rh8 17. Bf4 Bd6 18. Bxd6 Qxd6 19. Ne4 Qc6 20. Nf6+ Ke7 21.
Bxc6 Bxc6 22. O-O-O Rac8 23. Qg5 Kf8 24. Qxc5+ Kg7 25. Nh5+ Kg6 26. Qe5 f6 27.
Qxf6# 1-0

[Event "Challenge"]
[Site "http://www.queenalice.com/game.php?id=1363306"]
[Date "2015.6.3"]
[Round "-"]
[White "aparicio"]
[Black "Tooony"]
[Result "1-0"]
[WhiteElo "1607"]
[BlackElo "1596"]

1. d4 d5 2. Nf3 Nc6 3. Bf4 Bf5 4. e3 e6 5. Bd3 Nge7 6. c3 Bxd3 7. Qxd3 h6 8. O-O
Nf5 9. e4 Nh4 10. exd5 exd5 11. Re1+ Be7 12. Nxh4 O-O 13. Nf5 Bg5 14. Bxg5 Re8
15. Be3 h5 16. Nd2 a6 17. Bf4 Qf6 18. Bxc7 g6 19. Ne3 Ne7 20. c4 Rac8 21. Be5
Qb6 22. Nxd5 Nxd5 23. cxd5 Qxb2 24. Ne4 Red8 25. Nf6+ Kf8 26. Qe3 Kg7 27. Ng4+
Kg8 28. Qh6 1-0

[Event "Challenge"]
[Site "http://www.queenalice.com/game.php?id=1366897"]
[Date "2015.6.21"]
[Round "-"]
[White "aparicio"]
[Black "GreatDarkSpot"]
[Result "1-0"]
[WhiteElo "1668"]
[BlackElo "1432"]

1. e4 e5 2. f4 exf4 3. Nf3 f6 4. d4 c6 5. Bxf4 d5 6. Nc3 Bd6 7. Bxd6 Qxd6 8.
exd5 cxd5 9. Bd3 Ne7 10. O-O a6 11. Nh4 g6 12. Qe2 O-O 13. Rae1 Nbc6 14. Qe3 f5
15. Nf3 f4 16. Qd2 Bf5 17. a3 Bxd3 18. Qxd3 Rae8 19. Ne5 Nf5 20. Rxf4 Nxe5 21.
Rxe5 Rxe5 22. dxe5 Qxe5 23. Qxd5+ Qxd5 24. Nxd5 1-0

[Event "Challenge"]
[Site "http://www.queenalice.com/game.php?id=1367785"]
[Date "2015.6.26"]
[Round "-"]
[White "aparicio"]
[Black "Danimunte"]
[Result "1-0"]
[WhiteElo "1637"]
[BlackElo "1580"]

1. g3 e5 2. Bg2 c6 3. Nf3 f6 4. e4 d5 5. Nxe5 fxe5 6. Qh5+ g6 7. Qxe5+ Qe7 8.
Qxh8 Be6 9. O-O h5 10. exd5 Bg7 11. Qh7 cxd5 12. Re1 Nc6 13. Qxg6+ Kd7 14. Bxd5
Nd4 15. Nc3 Nxc2 16. Bxe6+ Kc7 17. Nd5+ Kd8 18. Nxe7 Nxe7 19. Qxg7 Rb8 20. Re5
Nd4 21. Rd5+ Kc7 22. Qxe7+ Kb6 23. Qc5+ Ka6 24. Qa5# 1-0

[Event "Challenge"]
[Site "http://www.queenalice.com/game.php?id=1386170"]
[Date "2015.9.29"]
[Round "-"]
[White "aparicio"]
[Black "decoxadrez"]
[Result "0-1"]
[WhiteElo "1666"]
[BlackElo "1866"]

1. d4 Nf6 2. Nf3 d5 3. Nc3 g6 4. e3 Bg7 5. Bd3 O-O 6. O-O Nc6 7. Re1 Re8 8. b3
e5 9. Ba3 e4 10. Bb5 Bd7 11. Ng5 Bg4 12. f3 exf3 13. gxf3 Bd7 14. Bc5 a6 15. Bd3
h6 16. Nh3 Bxh3 17. Re2 Nd7 18. e4 Nxd4 19. Re3 Nxc5 20. Be2 Nxe2+ 21. Qxe2 d4
22. Rd1 Qg5+ 23. Kf2 dxe3+ 24. Ke1 Qg1+ 25. Qf1 Qxf1# 0-1

[Event "Challenge"]
[Site "http://www.queenalice.com/game.php?id=1386366"]
[Date "2015.9.29"]
[Round "-"]
[White "aparicio"]
[Black "Tavinho92"]
[Result "0-1"]
[WhiteElo "1696"]
[BlackElo "1199"]

1. d4 e6 2. c4 Qe7 3. Nc3 Nf6 4. Nf3 b6 5. e4 Bb7 6. Be2 Bxe4 7. O-O Bxf3 8.
Bxf3 Qb4 9. Qd3 Bd6 10. Bxa8 c6 11. a3 Qa5 12. Re1 O-O 0-1

[Event "Challenge"]
[Site "http://www.queenalice.com/game.php?id=1386367"]
[Date "2015.9.30"]
[Round "-"]
[White "aparicio"]
[Black "crapaud93600"]
[Result "0-1"]
[WhiteElo "1642"]
[BlackElo "1142"]

1. d4 d6 2. c4 e5 3. Nf3 e4 4. Nfd2 f5 5. e3 Nf6 6. Nc3 c6 7. Be2 Be6 8. O-O Be7
9. Qa4 O-O 10. b3 d5 11. Ba3 Bd7 12. Bb4 c5 13. Ba5 b6 14. Bxb6 Qxb6 15. Rab1
Bxa4 16. Nxa4 Qa5 17. Rfd1 cxd4 18. cxd5 d3 19. Bf1 Nbd7 20. Nc4 Qxd5 21. Nd2
Bd6 22. Nc4 Ng4 23. Nxd6 Qxd6 24. g3 Rac8 25. h3 Nge5 26. f4 Nf3+ 27. Kg2 Rc2+
28. Be2 Rxe2+ 29. Kf1 Rxe3 30. Nc3 g5 31. b4 Nd4 32. a3 Rxg3 33. Kf2 Qxf4+ 34.
Ke1 Rg1# 0-1

[Event "OS INCLIVES"]
[Site "http://www.queenalice.com/game.php?id=1393834"]
[Date "2015.11.12"]
[Round "-"]
[White "adelio"]
[Black "aparicio"]
[Result "1-0"]
[WhiteElo "1717"]
[BlackElo "1657"]

1. d4 d5 2. e4 e6 3. e5 c5 4. c3 Nc6 5. Nf3 Bd7 6. Ng5 f6 7. Nf7 Qc7 8. Nxh8
O-O-O 9. Nf7 Re8 10. Nd6+ Bxd6 11. exd6 Qxd6 12. Na3 f5 13. Be3 h6 14. dxc5 Qe5
15. Nb5 Kb8 16. Nd6 Rf8 17. Be2 Nf6 18. Qb3 b6 19. cxb6 f4 20. bxa7+ Kc7 21. Bc5
Na5 22. Qb6# 1-0